Struktura przestrzenna i funkcjonalna obiektów / (Rekord nr 9889)
| 000 -ETYKIETA REKORDU | |
|---|---|
| podpole kontrolne o stałej długości | 01128naa a2200181 i 4500 |
| 001 - NUMER KONTROLNY REKORDU | |
| podpole kontrolne | 9889 |
| 003 - IDENTYFIKATOR NUMERU KONTROLNEGO REKORDU | |
| podpole kontrolne | KOSZ 005 |
| 005 - DATA OSTATNIEJ MODYFIKACJI REKORDU | |
| podpole kontrolne | 20180502095019.0 |
| 008 - POLE O STAŁEJ DŁUGOŚCI - DANE KONTROLNE | |
| podpole kontrolne o stałej długości | 180411s1982 pl f |000 0 pol |
| 040 ## - ŹRÓDŁO KATALOGOWANIA | |
| Instytucja, która utworzyła rekord | KOSZ 005/HR |
| Instytucja, która sporządziła opis | KOSZ 005/HR |
| 100 1# - NAZWA OSOBOWA | |
| Nazwa osobowa | KAPSA, Maciej. |
| Lata pracy | 1976 - 1991. |
| Instytucja | Wyższa Szkoła Inżynierska w Koszalinie - Wydział Inżynierii Lądowej i Sanitarnej, |
| Wydział | Zakład Budownictwa i Materiałów Budowlanych |
| 245 #0 - TYTUŁ/ODPOWIEDZIALNOŚĆ | |
| Tytuł | Struktura przestrzenna i funkcjonalna obiektów / |
| Pozostałe elementy strefy tytułu i oznaczenia odpowiedzialności | Maciej Kapsa, Henryk Wierowski. |
| 500 ## - UWAGI OGÓLNE | |
| Tekst uwagi | Dane z autopsji. |
| 520 ## - UWAGA DOTYCZĄCA TREŚCI DOKUMENTU | |
| Analiza dokumentacyjna, adnotacja itp. | Podano tutaj koncepcję otwartego systemu obiektów przechowalniczych, opracowano ją wykorzystując tzw. projektowanie systemowe. Istotą tego projektowania jest jego interdyscyplinarność, kompleksowość oraz dążenie do uniwersalizacji rozwiązań. |
| 700 ## - HASŁO DODATKOWE - NAZWA OSOBOWA | |
| Nazwa osobowa | WIEROWSKI, Henryk. |
| Lata pracy | 1968 - 1991. |
| Instytucja | Wyższa Szkoła Inżynierska w Koszalinie - Wydział Inżynierii Lądowej i Sanitarnej, |
| Wydział | Zakład Budownictwa i Materiałów Budowlanych |
| 773 0# - TYTUŁ DOKUMENTU MACIERZYSTEGO | |
| Tytuł | Otwarty system przechowalnictwa ziemniaków. - |
| Adres wydawniczy | Bonin : Instytut Ziemniaka, 1982. - |
| Informacje dotyczące relacji | s. 16-33 |
| 942 ## - HASŁO DODATKOWE - ELEMENTY(KOHA) | |
| Typ dokumentu | Rozdział |
| Schemat klasyfikacji | Uniwersalna klasyfikacja dziesiętna |
Brak dostępnych egzemplarzy.
